000
00305nam a22001337a 4500
020
_a
978-9351-749660
082
_a
823
_b
SWA/S
100
_a
SWARNIM
245
_a
THE SWORDS OF DARKNESS
260
_a
DELHI
_b
TSOD PUBLISHERS AND DISTRIBUTORS
_c
2014
300
_a
134
650
_a
NOVEL
_z
INDIA
942
_c
BK
999
_c
3971
_d
3971